Thermal Measurements and Inverse Techniques (Record no. 524939)

MARC details
000 -LEADER
fixed length control field 00423nam a2200157Ia 4500
008 - FIXED-LENGTH DATA ELEMENTS--GENERAL INFORMATION
fixed length control field 240821s9999 xx 000 0 und d
020 ## - INTERNATIONAL STANDARD BOOK NUMBER
ISBN 9780367510527
Paper back/Hardbound hbk
041 ## - LANGUAGE CODE
Language code of text/sound track or separate title eng.
082 ## - DEWEY DECIMAL CLASSIFICATION NUMBER
Classification number 536.7
Item number ORL
100 ## - MAIN ENTRY--AUTHOR NAME
Personal name Orlande, Helcio R. B.
245 #0 - TITLE STATEMENT
Title Thermal Measurements and Inverse Techniques
Statement of responsibility, etc Helcio R B Orlande, Et Al
260 ## - PUBLICATION, DISTRIBUTION, ETC. (IMPRINT)
Name of publisher CRC
Year of publication 2020
Place of publication USA
300 ## - PHYSICAL DESCRIPTION
Number of Pages 756 pages
650 ## - SUBJECT ADDED ENTRY--TOPICAL TERM
Topical Term Physics
942 ## - ADDED ENTRY ELEMENTS (KOHA)
Koha item type English Books
Holdings
Withdrawn status Lost status Damaged status Not for loan Home library Current library Shelving location Date acquired Cost, normal purchase price Full call number Accession Number Price effective from Koha item type
        Anna Centenary Library Anna Centenary Library 5TH FLOOR, A WING 21.08.2024 5000.00 536.7 ORL 679190 21.08.2024 Reference

Find us on the map